[Event "GRE-chT 49th"]
[Site "Thessaloniki"]
[Date "2022.08.13"]
[Round "2"]
[White "Christodoulou, Georgia"]
[Black "Strati, Betty Anna"]
[Result "0-1"]
[WhiteElo "1435"]
[BlackElo "1629"]
[PlyCount "126"]
[EventDate "2022.08.12"]
[EventType "team-swiss"]
[EventRounds "7"]
[EventCountry "GRE"]
[SourceTitle "EXT 2024"]
[Source "ChessBase"]
[SourceDate "2023.10.10"]
[SourceVersion "1"]
[SourceVersionDate "2023.10.10"]
[SourceQuality "1"]
[WhiteTeam "Patras EA"]
[BlackTeam "Glyfadas Zenon"]
[WhiteTeamCountry "GRE"]
[BlackTeamCountry "GRE"]

1. Nf3 Nf6 2. g3 d5 3. Bg2 e6 4. 0-0 Be7 5. d4 0-0 6. c4 c6 7. Nc3 Nbd7 8. cxd5 exd5 9. a3 a5 10. Bd2 Re8 11. Qc2 Bd6 12. e3 Nb6 13. Na4 Nc4 14. b4 g6 15. Nb2 Bf5 16. Qb3 Nxd2 17. Nxd2 axb4 18. axb4 Qb6 19. Nd3 Qb5 20. Nc5 b6 21. Na4 Bxb4 22. Nc3 Bxc3 23. Qxc3 Rec8 24. Rfc1 Rxa1 25. Rxa1 Qd3 26. Qb2 Nd7 27. Bf1 Qc2 28. Qxc2 Bxc2 29. Rc1 Bf5 30. Nb3 Nf6 31. Ba6 Rc7 32. Bb5 Bd7 33. Kf1 c5 34. Bxd7 Nxd7 35. dxc5 bxc5 36. Ke2 Kf8 37. Kd3 f5 38. f3 Ke7 39. e4 Kd6 40. Nd2 Ne5+ 41. Ke2 fxe4 42. fxe4 d4 43. Nb3 d3+ 44. Kd2 c4 45. Nd4 Rf7 46. Ra1 Rf2+ 47. Kc3 Rxh2 48. Ra6+ Kd7 49. Ra7+ Kc8 50. Ra8+ Kb7 51. Rd8 Kc7 52. Rd5 Rh5 53. Ne6+ Kc6 54. Nf8 Nf3 55. Rxh5 gxh5 56. Nxh7 d2 57. Kc2 Kd6 58. Nf6 Ke5 59. Nxh5 Kxe4 60. Nf4 c3 61. Nh3 Ke3 62. Nf4 Nd4+ 63. Kd1 c2# 0-1

[Event "GRE-ch U20 Girls"]
[Site "Trikala"]
[Date "2020.08.21"]
[Round "7"]
[White "Strati, Betty Anna"]
[Black "Apostolakaki, Evangelia"]
[Result "0-1"]
[WhiteElo "1734"]
[BlackElo "1617"]
[PlyCount "50"]
[EventDate "2020.08.17"]
[EventType "swiss"]
[EventRounds "9"]
[EventCountry "GRE"]
[SourceTitle "CBM 198 Extra"]
[Source "ChessBase"]
[SourceDate "2020.11.30"]
[SourceVersion "1"]
[SourceVersionDate "2020.11.30"]
[SourceQuality "1"]

1. d4 Nf6 2. c4 e6 3. Nc3 Bb4 4. e3 0-0 5. Bd2 d5 6. Nf3 b6 7. cxd5 exd5 8. Rc1 c5 9. Bd3 Bg4 10. 0-0 Nc6 11. Qa4 Bxf3 12. Qxc6 Bg4 13. a3 Bxc3 14. Bxc3 c4 15. Bb1 Bd7 16. Qd6 Re8 17. Rce1 Re6 18. Qf4 Ne4 19. f3 g5 20. Qxf7+ Kxf7 21. fxe4+ Kg8 22. exd5 Rf6 23. e4 Bg4 24. Bd2 Rxf1+ 25. Rxf1 Be2 0-1

[Event "GRE-ch U20 Girls"]
[Site "Trikala"]
[Date "2020.08.18"]
[Round "3"]
[White "Strati, Betty Anna"]
[Black "Kalogeridou, Ioanna"]
[Result "1-0"]
[WhiteElo "1734"]
[BlackElo "1277"]
[PlyCount "89"]
[EventDate "2020.08.17"]
[EventType "swiss"]
[EventRounds "9"]
[EventCountry "GRE"]
[SourceTitle "CBM 198 Extra"]
[Source "ChessBase"]
[SourceDate "2020.11.30"]
[SourceVersion "1"]
[SourceVersionDate "2020.11.30"]
[SourceQuality "1"]

1. d4 d5 2. c4 c6 3. cxd5 cxd5 4. Nc3 Nf6 5. Nf3 Nc6 6. Bf4 Bf5 7. e3 e6 8. Qb3 Bb4 9. Be2 0-0 10. 0-0 Nh5 11. Bg3 Nxg3 12. hxg3 Qe7 13. Rfc1 a6 14. Na4 Na5 15. Qd1 Rac8 16. Nb6 Rc6 17. Rxc6 Nxc6 18. Rc1 Ba5 19. Na4 Rd8 20. a3 Qd6 21. b4 Bc7 22. Nc5 Rb8 23. Qa4 e5 24. Nxb7 Rxb7 25. Rxc6 Qe7 26. Qxa6 Bb8 27. dxe5 Ra7 28. Qb6 Rb7 29. Qc5 Qd7 30. Ba6 Ba7 31. Qc3 Rb8 32. Rc7 Qe6 33. Rxa7 Qb6 34. Qc7 Qxc7 35. Rxc7 Ra8 36. b5 Bd3 37. a4 Bc4 38. Rc8+ Rxc8 39. Bxc8 Kf8 40. b6 Ke7 41. b7 Ba6 42. b8Q Bxc8 43. Qxc8 h6 44. Nd4 g6 45. Nc6# 1-0

[Event "GRE-ch U16 Girls"]
[Site "Patras"]
[Date "2019.06.29"]
[Round "5.2"]
[White "Strati, Betty Anna"]
[Black "Dagkonaki, Aspasia"]
[Result "1-0"]
[WhiteElo "1710"]
[BlackElo "1442"]
[PlyCount "93"]
[EventDate "2019.06.25"]
[EventType "swiss"]
[EventRounds "7"]
[EventCountry "GRE"]
[SourceTitle "EXT 2020"]
[Source "ChessBase"]
[SourceDate "2019.10.17"]
[SourceVersion "1"]
[SourceVersionDate "2019.10.17"]
[SourceQuality "1"]
[WhiteTeam "Greece"]
[BlackTeam "Greece"]
[WhiteTeamCountry "GRE"]
[BlackTeamCountry "GRE"]

1. d4 e5 2. dxe5 Nc6 3. Nf3 Qe7 4. g3 Nxe5 5. Bg2 Nxf3+ 6. Bxf3 Nf6 7. 0-0 Qd8 8. b3 Bc5 9. Bb2 0-0 10. c4 c6 11. Nc3 Bb6 12. Qd3 Re8 13. Rad1 Bc7 14. Bg2 Qe7 15. Rfe1 Rd8 16. e4 Qc5 17. Na4 Qe7 18. e5 Ne8 19. h4 d5 20. exd6 Qxd6 21. Qc3 Qxd1 22. Rxd1 Rxd1+ 23. Kh2 Nf6 24. Bh3 Bxh3 25. Kxh3 Re8 26. Qb4 b6 27. Bxf6 gxf6 28. Nc3 Rh1+ 29. Kg2 Rhe1 30. Qa4 Be5 31. Nd5 Bd4 32. Qxc6 R1e6 33. Qd7 a5 34. Nf4 Re4 35. f3 R4e7 36. Qxd4 f5 37. Nh5 Re2+ 38. Kh3 Kf8 39. Qg7+ Ke7 40. Qf6+ Kd7 41. Qxf5+ Kc7 42. Qxf7+ R8e7 43. Qf4+ Kb7 44. Qd6 R2e6 45. Qd5+ Kc7 46. Nf4 Re5 47. Qd4 1-0

[Event "GRE-ch U18 Girls"]
[Site "Rethymno"]
[Date "2019.01.05"]
[Round "4"]
[White "Galani, Dimitra"]
[Black "Strati, Betty Anna"]
[Result "0-1"]
[WhiteElo "1483"]
[BlackElo "1721"]
[PlyCount "200"]
[EventDate "2019.01.02"]
[EventType "swiss"]
[EventRounds "7"]
[EventCountry "GRE"]
[SourceTitle "CBM 188 Extra"]
[Source "ChessBase"]
[SourceDate "2019.02.26"]
[SourceVersion "1"]
[SourceVersionDate "2019.02.26"]
[SourceQuality "1"]

1. e4 e6 2. d4 d5 3. Nd2 a6 4. exd5 exd5 5. Ngf3 Bd6 6. Bd3 Ne7 7. 0-0 0-0 8. Re1 Bf5 9. Nf1 Bxd3 10. Qxd3 Nd7 11. Ng3 c6 12. Bg5 f6 13. Bd2 Qc7 14. Re6 Rfe8 15. Rae1 Nf8 16. R6e2 Qd7 17. c3 Neg6 18. Qf5 Rxe2 19. Rxe2 Bxg3 20. Qxd7 Bxh2+ 21. Nxh2 Nxd7 22. Nf1 Kf7 23. Ng3 Ne7 24. Bf4 Re8 25. Kf1 g6 26. Ke1 Nc8 27. Be3 Nd6 28. b3 b6 29. Kd1 Nf8 30. Re1 Ne6 31. Rh1 Kg8 32. Kc2 f5 33. Ne2 Ne4 34. g3 Nc7 35. Kd3 Ne6 36. Ng1 f4 37. gxf4 Nxf4+ 38. Kc2 Ne6 39. Rh2 c5 40. Nf3 cxd4 41. Nxd4 Nxd4+ 42. Bxd4 b5 43. Rg2 Rc8 44. Kd3 Kf7 45. f3 Nd6 46. Be5 Nf5 47. Rg1 h5 48. Rd1 Re8 49. Bf4 h4 50. Rh1 Rh8 51. Be5 Rh5 52. Bh2 Rg5 53. Rg1 Rh5 54. Re1 Rg5 55. Re2 h3 56. a4 Nh4 57. f4 Rf5 58. Re3 Ng2 59. Rxh3 Nxf4+ 60. Bxf4 Rxf4 61. axb5 axb5 62. Ke3 Re4+ 63. Kf3 b4 64. c4 Rd4 65. Ke3 Re4+ 66. Kf3 Ke6 67. Rg3 Kf5 68. cxd5 Rd4 69. Ke3 Rxd5 70. Rf3+ Ke5 71. Rg3 Kf6 72. Rg4 Rb5 73. Rf4+ Kg5 74. Re4 Kh5 75. Kf3 Kg5 76. Rg4+ Kf6 77. Rd4 Ke5 78. Re4+ Kd5 79. Rg4 Rb6 80. Ke3 Re6+ 81. Kf3 Kc5 82. Rc4+ Kb5 83. Kf4 Rc6 84. Re4 Rc5 85. Kg4 Rd5 86. Re3 Kc5 87. Kf3 Kd4 88. Re6 g5 89. Rc6 Rc5 90. Re6 Kc3 91. Re3+ Kb2 92. Kg4 Rc3 93. Re8 Kxb3 94. Kxg5 Ka2 95. Kf4 b3 96. Ra8+ Kb1 97. Ke4 b2 98. Kd4 Kc2 99. Rb8 Rb3 100. Rc8+ Kd2 0-1

[Event "GRE-chT 46th"]
[Site "Rio Achaia"]
[Date "2018.07.14"]
[Round "6.9"]
[White "Lagogianni, Niki Vasiliki"]
[Black "Strati, Betty Anna"]
[Result "0-1"]
[WhiteElo "1123"]
[BlackElo "1631"]
[PlyCount "96"]
[EventDate "2018.07.10"]
[EventType "team"]
[EventRounds "7"]
[EventCountry "GRE"]
[SourceTitle "CBM 185 Extra"]
[Source "ChessBase"]
[SourceDate "2018.07.29"]
[SourceVersion "1"]
[SourceVersionDate "2018.07.29"]
[SourceQuality "1"]
[WhiteTeam "My Mountains"]
[BlackTeam "Zone of Glyfada"]
[WhiteTeamCountry "GRE"]
[BlackTeamCountry "GRE"]

1. e4 c5 2. Nf3 g6 3. d4 cxd4 4. Nxd4 Bg7 5. Nc3 Nc6 6. Be3 Nf6 7. Be2 0-0 8. f4 d5 9. e5 Ne4 10. Nxc6 bxc6 11. Nxe4 dxe4 12. Qxd8 Rxd8 13. 0-0 f6 14. Bc4+ Kh8 15. Rad1 Bg4 16. Rxd8+ Rxd8 17. h3 Bc8 18. exf6 exf6 19. Bxa7 f5 20. c3 Rd2 21. Rf2 Rd1+ 22. Kh2 Bf6 23. Bb3 Rd7 24. Be3 Ba6 25. Bc2 Rb7 26. Ba4 Rc7 27. Rd2 Bd3 28. Bc2 Rd7 29. Kg3 h6 30. h4 Kg7 31. Kh3 Rd8 32. Bxd3 exd3 33. g3 Kf7 34. Kg2 Be7 35. Bd4 c5 36. Be3 c4 37. Bd4 g5 38. hxg5 hxg5 39. b3 Rxd4 40. cxd4 Bb4 41. Rxd3 cxd3 42. Kf3 gxf4 43. gxf4 Ke6 44. Ke3 d2 45. Ke2 Kd5 46. a3 Bxa3 47. Kxd2 Kxd4 48. Ke2 Ke4 0-1

[Event "GRE-ch U14 Girls"]
[Site "Rio Achaia"]
[Date "2018.07.06"]
[Round "5"]
[White "Strati, Betty Anna"]
[Black "Koutsouraki, Ariadni"]
[Result "1-0"]
[WhiteElo "1631"]
[BlackElo "1382"]
[PlyCount "117"]
[EventDate "2018.07.03"]
[EventType "swiss"]
[EventRounds "9"]
[EventCountry "GRE"]
[SourceTitle "EXT 2019"]
[Source "ChessBase"]
[SourceDate "2018.10.10"]
[SourceVersion "1"]
[SourceVersionDate "2018.10.10"]
[SourceQuality "1"]

1. d4 d5 2. c4 e6 3. Nc3 Nf6 4. cxd5 exd5 5. Bg5 c6 6. Qc2 Be7 7. e3 Nbd7 8. Bd3 h6 9. Bh4 Nh5 10. Bxe7 Qxe7 11. Nge2 0-0 12. 0-0 Nb6 13. Rab1 a5 14. Na4 Nxa4 15. Qxa4 Bd7 16. Qc2 Rae8 17. Qc5 Qd8 18. b4 b6 19. Qc3 axb4 20. Qxb4 b5 21. Rfc1 f5 22. Nf4 Nxf4 23. exf4 Rf6 24. Re1 Rxe1+ 25. Rxe1 Re6 26. Re5 Rxe5 27. fxe5 Qf8 28. Qb3 Qa8 29. h3 Qa7 30. Qb2 Qa4 31. Bc2 Qa7 32. Bb3 Be6 33. Qc3 Qb6 34. Qb4 Kf7 35. a4 Qa6 36. axb5 Qa1+ 37. Kh2 cxb5 38. Qc5 Qa8 39. Qxb5 Qd8 40. Qb7+ Kg8 41. f4 g6 42. Ba4 Qc8 43. Qxc8+ Bxc8 44. Kg3 Kf7 45. Kf3 g5 46. Bc2 Be6 47. g4 fxg4+ 48. hxg4 gxf4 49. Kxf4 Ke7 50. Bf5 Bf7 51. Bc8 h5 52. gxh5 Bxh5 53. Kf5 Be8 54. e6 Bc6 55. Ke5 Ba8 56. Ba6 Bc6 57. Be2 Bb7 58. Bf3 Bc6 59. Bxd5 1-0

[Event "GRE-ch U14 Girls"]
[Site "Rio Achaia"]
[Date "2018.07.04"]
[Round "2"]
[White "Strati, Betty Anna"]
[Black "Chatzipanagiotou, Asimenia"]
[Result "1-0"]
[WhiteElo "1631"]
[BlackElo "1366"]
[PlyCount "97"]
[EventDate "2018.07.03"]
[EventType "swiss"]
[EventRounds "9"]
[EventCountry "GRE"]
[SourceTitle "EXT 2019"]
[Source "ChessBase"]
[SourceDate "2018.10.10"]
[SourceVersion "1"]
[SourceVersionDate "2018.10.10"]
[SourceQuality "1"]

1. d4 d5 2. c4 e6 3. Nc3 Nf6 4. cxd5 exd5 5. Bg5 c6 6. Qc2 Be7 7. e3 Nbd7 8. Bd3 0-0 9. Nf3 h6 10. Bh4 Re8 11. 0-0 Qc7 12. Bg3 Bd6 13. Nb5 cxb5 14. Qxc7 Bxc7 15. Bxc7 a6 16. Rac1 Nf8 17. Be5 N6d7 18. Bg3 Ne6 19. Rc2 Nb6 20. b3 Bd7 21. Ne5 Rac8 22. Rfc1 Rxc2 23. Rxc2 f6 24. Nxd7 Nxd7 25. h3 Kf7 26. Bf5 Ndf8 27. Bd6 g6 28. Bxf8 Rxf8 29. Bxe6+ Kxe6 30. Kf1 Rd8 31. Ke2 Rd6 32. Kd3 Rc6 33. Rc5 Kd6 34. b4 f5 35. f3 b6 36. Rxc6+ Kxc6 37. e4 fxe4+ 38. fxe4 dxe4+ 39. Kxe4 Kd6 40. d5 a5 41. a3 axb4 42. axb4 h5 43. h4 Kd7 44. Ke5 Ke7 45. d6+ Kd7 46. Kd5 Kd8 47. Ke6 Ke8 48. d7+ Kd8 49. g3 1-0

[Event "GRE-ch U14 Girls"]
[Site "Achaia"]
[Date "2017.06.28"]
[Round "3"]
[White "Strati, Betty Anna"]
[Black "Mihailidou, Magdalini"]
[Result "1/2-1/2"]
[WhiteElo "1655"]
[BlackElo "1572"]
[PlyCount "64"]
[EventDate "2017.06.26"]
[EventType "swiss"]
[EventRounds "7"]
[EventCountry "GRE"]
[SourceTitle "CBM 179 Extra"]
[Source "ChessBase"]
[SourceDate "2017.08.23"]
[SourceVersion "1"]
[SourceVersionDate "2017.08.23"]
[SourceQuality "1"]

1. d4 d5 2. c4 e5 3. dxe5 d4 4. a3 Nc6 5. Nf3 Bg4 6. Bf4 Qe7 7. Nbd2 0-0-0 8. b4 f6 9. exf6 gxf6 10. Qa4 Kb8 11. 0-0-0 a5 12. b5 Qxa3+ 13. Qxa3 Bxa3+ 14. Kc2 Nce7 15. Ra1 Bd6 16. Bxd6 Rxd6 17. Rxa5 b6 18. Ra3 c6 19. g3 cxb5 20. cxb5 Nh6 21. Bg2 Rc8+ 22. Kb2 Bf5 23. Rc1 Rxc1 24. Kxc1 Rd5 25. Nb3 d3 26. Ne1 Rxb5 27. Nxd3 Bxd3 28. exd3 Ng4 29. f3 Nxh2 30. Nd4 Rd5 31. Ne2 Rc5+ 32. Kd2 Nf5 1/2-1/2

[Event "GRE-ch U14 Girls"]
[Site "Achaia"]
[Date "2017.06.26"]
[Round "1"]
[White "Strati, Betty Anna"]
[Black "Liouri, Maria"]
[Result "1-0"]
[WhiteElo "1655"]
[BlackElo "1201"]
[PlyCount "91"]
[EventDate "2017.06.26"]
[EventType "swiss"]
[EventRounds "7"]
[EventCountry "GRE"]
[SourceTitle "CBM 179 Extra"]
[Source "ChessBase"]
[SourceDate "2017.08.23"]
[SourceVersion "1"]
[SourceVersionDate "2017.08.23"]
[SourceQuality "1"]

1. d4 d5 2. c4 Nf6 3. Nc3 e6 4. cxd5 Nxd5 5. Nf3 Bb4 6. Qc2 c6 7. e4 Nf6 8. Bg5 h6 9. Bxf6 Qxf6 10. Be2 Qg6 11. 0-0 Nd7 12. a3 Ba5 13. Bd3 0-0 14. e5 f5 15. Qb3 b5 16. Nh4 Qf7 17. Nxf5 Kh8 18. Nh4 Bb6 19. Ng6+ Kg8 20. Nxf8 Nxf8 21. Ne2 Ng6 22. Qc2 Ne7 23. Be4 Bb7 24. Rad1 Nd5 25. Nc3 Nf4 26. a4 c5 27. dxc5 Bxc5 28. Bxb7 Qxb7 29. Qe4 Qxe4 30. Nxe4 Bf8 31. axb5 Rb8 32. Nc3 Bb4 33. Rfe1 Bxc3 34. bxc3 Rxb5 35. Kf1 Ng6 36. Rd6 Nxe5 37. Rxe6 Nd3 38. Ra1 Rc5 39. Re3 Nf4 40. Rxa7 Nd5 41. Rg3 g5 42. Rd3 Rb5 43. g3 Rb1+ 44. Kg2 Nf6 45. Rd8+ Ne8 46. Rxe8# 1-0

[Event "Ambelokipi op 161th"]
[Site "Athens"]
[Date "2016.11.09"]
[Round "1"]
[White "Strati, Betty Anna"]
[Black "Delithanasis, Dimitrios"]
[Result "0-1"]
[WhiteElo "1502"]
[BlackElo "2017"]
[PlyCount "66"]
[EventDate "2016.11.09"]
[EventType "swiss"]
[EventRounds "7"]
[EventCountry "GRE"]
[SourceTitle "EXT 2024"]
[Source "ChessBase"]
[SourceDate "2023.10.10"]
[SourceVersion "1"]
[SourceVersionDate "2023.10.10"]
[SourceQuality "1"]

1. d4 Nf6 2. Nf3 g6 3. c4 Bg7 4. Nc3 d5 5. cxd5 Nxd5 6. e3 0-0 7. Be2 c5 8. Qb3 Nxc3 9. bxc3 Nc6 10. 0-0 Qc7 11. Rd1 Bf5 12. Bb2 Rac8 13. Bd3 Bg4 14. Be4 Na5 15. Qb5 b6 16. h3 Bd7 17. Qe2 Ba4 18. Rdc1 Rfd8 19. Nd2 e5 20. Nf3 f5 21. Bb1 e4 22. Nd2 Qd7 23. a3 Kh8 24. Ba2 b5 25. Rab1 cxd4 26. cxd4 Bc2 27. Ra1 Bd3 28. Qe1 Nb7 29. Rxc8 Rxc8 30. Rc1 Nd6 31. Nb3 Nc4 32. Qd1 h5 33. Nc5 Rxc5 0-1

[Event "Ambelokipi op 160th"]
[Site "Athens"]
[Date "2016.11.02"]
[Round "7"]
[White "Katsiampas, Efthymios"]
[Black "Strati, Betty Anna"]
[Result "1-0"]
[WhiteElo "1663"]
[BlackElo "1469"]
[PlyCount "53"]
[EventDate "2016.09.14"]
[EventType "swiss"]
[EventRounds "7"]
[EventCountry "GRE"]
[SourceTitle "EXT 2024"]
[Source "ChessBase"]
[SourceDate "2023.10.10"]
[SourceVersion "1"]
[SourceVersionDate "2023.10.10"]
[SourceQuality "1"]

1. e4 e6 2. d4 d5 3. Nc3 dxe4 4. Nxe4 Nd7 5. g3 b6 6. Bg2 Rb8 7. Nf3 Bb7 8. Qe2 Ngf6 9. Nxf6+ Nxf6 10. 0-0 Be7 11. b3 0-0 12. Bb2 h6 13. Rad1 Re8 14. Rfe1 Qc8 15. Ne5 Bxg2 16. Kxg2 Qb7+ 17. f3 Rbd8 18. c4 g5 19. h3 Bd6 20. a3 Nh5 21. Qc2 Ng7 22. Ng4 Nh5 23. d5 Bxg3 24. Nxh6+ Kf8 25. Qh7 Rd7 26. dxe6 Bxe1 27. Qg8+ 1-0

[Event "GRE-ch U12 Girls"]
[Site "Porto Rio"]
[Date "2016.07.02"]
[Round "7"]
[White "Chatzipanagiotou, Asimenia"]
[Black "Strati, Betty Anna"]
[Result "0-1"]
[WhiteElo "1137"]
[BlackElo "1474"]
[PlyCount "98"]
[EventDate "2016.06.28"]
[EventType "swiss"]
[EventRounds "9"]
[EventCountry "GRE"]
[SourceTitle "CBM 173 Extra"]
[Source "ChessBase"]
[SourceDate "2016.08.29"]
[SourceVersion "1"]
[SourceVersionDate "2016.08.29"]
[SourceQuality "1"]

1. e4 c5 2. Nf3 g6 3. d4 cxd4 4. Nxd4 Bg7 5. Be2 Nc6 6. Be3 Nf6 7. Nc3 0-0 8. f4 d5 9. e5 Ne4 10. Nxe4 dxe4 11. 0-0 Nxd4 12. Qxd4 Qxd4 13. Bxd4 b6 14. Rad1 Bb7 15. Bc4 Rac8 16. Bb3 e6 17. c3 Rfd8 18. Bc2 Bf8 19. Rfe1 Bc5 20. Bxe4 Bxd4+ 21. Rxd4 Rxd4 22. Bxb7 Rc7 23. cxd4 Rxb7 24. Rc1 Rd7 25. Rd1 Rd5 26. Kf2 Rb5 27. Rd2 Kf8 28. Ke3 Ke7 29. Kd3 Rd5 30. Rc2 Kd7 31. h3 a6 32. a3 Rb5 33. b4 a5 34. Rc4 axb4 35. Rxb4 Ra5 36. a4 Kc6 37. Kc4 Rxa4 38. Kc3 Rxb4 39. Kxb4 Kd5 40. Kb5 Kxd4 41. Kxb6 Ke4 42. g3 Kf3 43. Kc6 Kxg3 44. Kd6 Kxf4 45. h4 Kg4 46. Ke7 Kf5 47. Kd6 f6 48. exf6 Kxf6 49. Kd7 Ke5 0-1

[Event "GRE-ch U12 Girls"]
[Site "Porto Rio"]
[Date "2016.06.29"]
[Round "2"]
[White "Strati, Betty Anna"]
[Black "Pavloudaki, Kalliopi"]
[Result "1-0"]
[WhiteElo "1474"]
[BlackElo "1140"]
[PlyCount "81"]
[EventDate "2016.06.28"]
[EventType "swiss"]
[EventRounds "9"]
[EventCountry "GRE"]
[SourceTitle "CBM 173 Extra"]
[Source "ChessBase"]
[SourceDate "2016.08.29"]
[SourceVersion "1"]
[SourceVersionDate "2016.08.29"]
[SourceQuality "1"]

1. d4 d5 2. c4 e6 3. Nc3 Nf6 4. Bg5 Bb4 5. Qc2 Nc6 6. e3 h6 7. Bh4 g5 8. Bg3 Bd6 9. cxd5 exd5 10. Nf3 Qe7 11. Qb3 Qe6 12. Bb5 0-0 13. Bxc6 bxc6 14. Ne5 Bd7 15. Rc1 c5 16. Nxd7 Qxd7 17. Nxd5 Nxd5 18. Qxd5 cxd4 19. Qxd4 Rfd8 20. Bxd6 cxd6 21. 0-0 Rab8 22. Rfd1 Rdc8 23. h3 Rxc1 24. Rxc1 Qf5 25. b3 Qa5 26. Qxd6 Rb6 27. Rc8+ Kg7 28. Qf8+ Kg6 29. Qg8+ Kf6 30. Qh8+ Kg6 31. Rg8+ Kh5 32. g4+ Kh4 33. Qb2 Kxh3 34. Qe2 Rf6 35. Rh8 Qd5 36. e4 Qe5 37. Rxh6+ Rxh6 38. Qf3+ Kh4 39. Kg2 Qxe4 40. Qxe4 Rf6 41. f3 1-0

[Event "GRE-ch U12 Girls"]
[Site "Rio Achaia"]
[Date "2015.07.02"]
[Round "9.5"]
[White "Strati, Betty Anna"]
[Black "Batzoli, Maria"]
[Result "1/2-1/2"]
[WhiteElo "1340"]
[BlackElo "1133"]
[PlyCount "111"]
[EventDate "2015.06.26"]
[EventType "swiss"]
[EventRounds "9"]
[EventCountry "GRE"]
[SourceTitle "EXT 2024"]
[Source "ChessBase"]
[SourceDate "2023.10.10"]
[SourceVersion "1"]
[SourceVersionDate "2023.10.10"]
[SourceQuality "1"]

1. d4 Nf6 2. c4 g6 3. Nf3 Bg7 4. g3 d6 5. Bg2 0-0 6. 0-0 Nbd7 7. Qc2 e5 8. dxe5 Nxe5 9. Nxe5 dxe5 10. Rd1 Qe7 11. b3 c6 12. Ba3 c5 13. Nc3 Rb8 14. Nb5 a6 15. Nd6 b6 16. b4 Nd7 17. Rab1 Rd8 18. bxc5 bxc5 19. Rxb8 Nxb8 20. Bxc5 Be6 21. Nb7 Rxd1+ 22. Qxd1 Qc7 23. Qa4 Nd7 24. Qb4 Nxc5 25. Nxc5 Bf8 26. Nxe6 fxe6 27. Qa4 a5 28. Bh3 Kf7 29. Qb3 Qc6 30. Qb5 Qc7 31. Qb3 Qc6 32. Qf3+ Qxf3 33. exf3 Bc5 34. Kf1 Ke7 35. Ke2 Kd6 36. f4 exf4 37. gxf4 Ke7 38. f3 Bg1 39. Kd3 Bxh2 40. Ke4 Kf6 41. c5 Bg1 42. c6 Bb6 43. a4 Ke7 44. Ke5 Bc7+ 45. Ke4 Bd6 46. Bg2 Bc7 47. Bh3 Kd6 48. Bg4 Bb6 49. Bh3 h5 50. Kd3 Kd5 51. Ke2 Bc7 52. Ke3 Bb6+ 53. Ke2 Bc7 54. Ke3 Bb6+ 55. Ke2 Bc7 56. Ke3 1/2-1/2